Random Trivia 4 - Statistics

General Stats
  • This quiz has been taken 18 times
    14 since last reset
  • The average score is 7 of 10
Answer Stats
Question Answer % Correct
Which of the following is NOT a letter in the greek alphabet? Echo
86%
Which of the following is a Canadian province? Alberta
79%
Which country’s national flag is the only one that is not quadrilateral? Nepal
79%
Which of the following songs was performed by Guns N’ Roses? November rain
71%
The tv show Family Guy is set in which fictional town? Quahog
64%
Which of these Gen 1 Pokemon is a fire type? Rapidash
64%
Which of the following video game series was not produced by Rockstar Games? Uncharted
64%
Which sport will be making its debut in the 2028 Olympics? Squash
57%
Which letter’s code word in the phonetic alphabet is also the name of a type of liquor? W
57%
Juliana the heroic Great Dane received a blue cross medal during world war 1 for doing what? Prevented a bomb from exploding by peeing on it
50%
No matching quizzes found
Score Distribution
Percent of People with Each Score
Percentile by Number Answered
Your Score History
You have not taken this quiz since the last reset